| 000 -CABECERA |
| Longitud fija campo de control |
00642nas a22001817a 4500 |
| 003 - IDENTIFICADOR DEL NÚMERO DE CONTROL |
| Identificador del número de control |
OSt |
| 005 - FECHA Y HORA DE LA ÚLTIMA TRANSACCIÓN |
| Fecha y hora de la última transacción |
20180717162426.0 |
| 008 - CÓDIGOS DE INFORMACIÓN DE LONGITUD FIJA |
| Códigos de información de longitud fija |
160728c2016||||||||||||||||||||||||eng|d |
| 022 ## - NÚMERO INTERNACIONAL NORMALIZADO PARA PUBLICACIONES SERIADAS |
| Número Internacional Normalizado para Publicaciones Seriadas |
0956-2273 |
| 040 ## - FUENTE DE LA CATALOGACIÓN |
| Lengua de catalogación |
cat |
| Centro transcriptor |
CDMR |
| 245 04 - MENCIÓN DE TÍTULO |
| Título |
The Europa World Year Book |
| 260 ## - PUBLICACIÓN, DISTRIBUCIÓN, ETC. (PIE DE IMPRENTA) |
| Lugar de publicación, distribución, etc. |
London |
| -- |
New York |
| Nombre del editor, distribuidor, etc. |
Routledge |
| Fecha de publicación, distribución, etc. |
1926 - |
| 300 ## - DESCRIPCIÓN FÍSICA |
| Extensión |
3 v. |
| Dimensiones |
29 cm. |
| 505 ## - NOTA DE CONTENIDO CON FORMATO |
| Nota de contenido con formato |
Conté: vol. 1.- International organizations, Countries: Afghanistan-Equatorial Guinea ; vol. 2.- Countries: Eritrea-Nicaragua ; vol 3.- Countries: Niger-Zimbabwe |
| 650 04 - PUNTO DE ACCESO ADICIONAL DE MATERIA - TÉRMINO DE MATERIA |
| 9 (RLIN) |
3993 |
| Término de materia o nombre geográfico como elemento inicial |
Organismes internacionals |
| Subdivisión de forma |
Directoris |
| 650 04 - PUNTO DE ACCESO ADICIONAL DE MATERIA - TÉRMINO DE MATERIA |
| 9 (RLIN) |
3994 |
| Término de materia o nombre geográfico como elemento inicial |
Política mundial |
| Subdivisión de forma |
Directoris |
| 942 ## - ENTRADA DE ELEMENTOS AGREGADOS (KOHA) |
| Koha [por defecto] tipo de item |
Publicacions periòdiques |
| Marca de registro de periódicas |
1 |
| Fuente de clasificaión o esquema |
|